书目信息 |
| 题名: |
烟雨霏霏的黎明
|
|
| 作者: | 帕乌斯托夫斯基, 著 ;曹苏玲 , 沈念驹 译 | |
| 分册: | ||
| 出版信息: | 北京 外国文学出版社 2002.06 |
|
| 页数: | 361页 | |
| 开本: | 21cm | |
| 丛书名: | 二十世纪外国文学丛书 | |
| 单 册: | ||
| 中图分类: | I512.65 | |
| 科图分类: | ||
| 主题词: | 散文--san wen--苏联--现代--作品集 | |
| 电子资源: | ||
| ISBN: | 7-5016-0166-6 | |
| 000 | 01315nam 2200289 450 | |
| 001 | 012006915574 | |
| 005 | 20060914152228.60 | |
| 010 | @a7-5016-0166-6@dCNY18.00 | |
| 100 | @a20060726d2002 km y0chiy0120 ea | |
| 101 | 1 | @achi@crus |
| 102 | @aCN@b110000 | |
| 105 | @ay z 000cy | |
| 200 | 1 | @a烟雨霏霏的黎明@Ayan yu fei fei de li ming@f(苏) 帕乌斯托夫斯基著@F(su)pa wu si tuo fu si ji zhu@g曹苏玲, 沈念驹译@Gcao su ling,shen nian ju yi |
| 210 | @a北京@c外国文学出版社@d2002.06 | |
| 215 | @a361页@d21cm | |
| 225 | 2 | @a二十世纪外国文学丛书@Aer shi shi ji wai guo wen xue cong shu |
| 312 | @a并列题名取自版权页。 | |
| 330 | @a本书收入了作者具有代表性的名篇,包括“雪”、“野蔷薇”、“珍贵的尘土”等,作者以行云流水般的抒情笔触描写了护林员、牧童等一系列善良淳朴的小人物,讴歌了俄罗斯人的心灵美与俄罗斯大自然的风光美。 | |
| 410 | 0 | @12001 @a二十世纪外国文学丛书 |
| 510 | 1 | @aСобрание сочинений Паустовского, Константина@zrus |
| 606 | 0 | @a散文@Asan wen@y苏联@z现代@j作品集 |
| 690 | @aI512.65@v4 | |
| 701 | 1 | @a帕乌斯托夫斯基,@Apa wu si tuo fu si ji,@bК.@g(Паустовский, Константин),@f1892-1968@4著 |
| 702 | 0 | @a曹苏玲@Acao su ling@4译 |
| 702 | 0 | @a沈念驹@Ashen nian ju@4译 |
| 801 | 0 | @aCN@bQSSK@c20060914 |
| 905 | @a10447@dI512.65@eP046 | |
| 烟雨霏霏的黎明/(苏) 帕乌斯托夫斯基著/曹苏玲, 沈念驹译.-北京:外国文学出版社,2002.06 |
| 361页;21cm.-(二十世纪外国文学丛书) |
| ISBN 7-5016-0166-6:CNY18.00 |
| 本书收入了作者具有代表性的名篇,包括“雪”、“野蔷薇”、“珍贵的尘土”等,作者以行云流水般的抒情笔触描写了护林员、牧童等一系列善良淳朴的小人物,讴歌了俄罗斯人的心灵美与俄罗斯大自然的风光美。 |
| ● |
| 相关链接 |
|
|
|
正题名:烟雨霏霏的黎明
索取号:I512.65/P046
 
预约/预借
| 序号 | 登录号 | 条形码 | 馆藏地/架位号 | 状态 | 备注 |
| 1 | 598214 | 205982141 | 文学库116/116文学库 17排3列2层/ [索取号:I512.65/P046] | 在馆 | |
| 2 | 598215 | 205982150 | 文学库116/116文学库 17排3列2层/ [索取号:I512.65/P046] | 在馆 | |
| 3 | 598216 | 205982169 | 社科二线422/422社科库 28排4列3层/ [索取号:I512.65/P046] | 在馆 |